<?xml version="1.0" encoding="UTF-8"?>
<marc:record xmlns:marc="http://www.loc.gov/MARC21/slim">
   <marc:leader>00000nam a2200000 a 4500</marc:leader>
   <marc:datafield ind1="1" ind2=" " tag="100">
      <marc:subfield code="a">Ware, Bronnie</marc:subfield>
      <marc:subfield code="4">aut</marc:subfield>
      <marc:subfield code="e">Verfasser/-in</marc:subfield>
   </marc:datafield>
   <marc:datafield ind1=" " ind2=" " tag="653">
      <marc:subfield code="a">Ratgeber</marc:subfield>
   </marc:datafield>
   <marc:datafield ind1=" " ind2=" " tag="653">
      <marc:subfield code="a">Gesundheit</marc:subfield>
   </marc:datafield>
   <marc:datafield ind1=" " ind2=" " tag="653">
      <marc:subfield code="a">autobiographisch</marc:subfield>
   </marc:datafield>
   <marc:datafield ind1=" " ind2=" " tag="653">
      <marc:subfield code="a">Selbsterfahrung</marc:subfield>
   </marc:datafield>
   <marc:datafield ind1="0" ind2="0" tag="245">
      <marc:subfield code="a">5 Dinge, die wir von unserer Krankheit lernen können</marc:subfield>
   </marc:datafield>
   <marc:datafield ind1="0" ind2="0" tag="245">
      <marc:subfield code="b">Mein Weg zum inneren Erblühen</marc:subfield>
   </marc:datafield>
   <marc:datafield ind1=" " ind2="1" tag="264">
      <marc:subfield code="b">Arkana</marc:subfield>
      <marc:subfield code="c">2018</marc:subfield>
   </marc:datafield>
   <marc:datafield ind1="1" ind2=" " tag="520">
      <marc:subfield code="a">Klappentext: Bronnie Ware war eine unabhängige Frau mit vielfältigen Leidenschaften. »5 Dinge, die Sterbende am meisten bereuen« machte sie zur Bestsellerautorin. Außerdem erfüllte sich mit über 40 ihr größter Traum: Sie wurde Mutter. Doch dann begegnete ihr die größte Herausforderung ihres Lebens: Rheumatoide Arthritis - eine sehr schmerzhafte Autoimmunkrankheit, die weitreichende körperliche Einschränkungen mit sich bringt. Mit großem Mut und bewundernswerter Hingabe nimmt sie ihr Schicksal an. Und sie zeigt jedem von chronischer Krankheit Betroffenen, wie das Hier und Jetzt zum Lehrmeister werden kann. Zahlreiche Belohnungen warten: wachsende Selbstliebe und Vertrauen ins Leben, Prozesse der Vergebung, der Heilung und des inneren Wachstums. Am Ende ist das Leben lebenswerter als je zuvor.   Biografie Bronnie Ware stammt aus Australien und ist Autorin, Songwriterin und Sängerin. Nach einigen Jahren als Bankangestellte zog es sie in die weite Welt, sie lebte in England und auf einer Südseeinsel. Anschließend arbeitete sie acht Jahre als Palliativkrankenschwester und schrieb darüber in ihrem Blog »Inspiration and Chai«, der zur Grundlage ihres Bestsellers »5 Dinge, die Sterbende am meisten bereuen« wurde. Heute lebt Bronnie Ware wieder in Australien.</marc:subfield>
   </marc:datafield>
   <marc:datafield ind1=" " ind2=" " tag="020">
      <marc:subfield code="a">9783442342303</marc:subfield>
      <marc:subfield code="9">9783442342303</marc:subfield>
   </marc:datafield>
</marc:record>
